000 01088nam a22003970a 4500
001 PT58751
003 AR-LpoUNG
005 20260130013956.0
008 201001s2014||||ag |||||||||||||||||spa d
020 _a9789872929251
_c$4
040 _aAR-LpoUNG
_bspa
_eaacr
041 _aspa
044 _aag
082 0 _a320.014 289pal
100 1 _aReano, Ariana
245 1 0 _aPalabras políticas :
_bdebates sobre la democracia en la Argentina de los ochenta
250 _a1ra. ed.
260 _aLos Polvorines :
_bUniversidad Nacional de General Sarmiento,
_c2014.
300 _a242 p. :
_btbls.
490 0 _aGramáticas plebeyas
650 4 _aANALISIS HISTORICO
650 4 _aARGENTINA
650 4 _aCIENCIAS SOCIALES
650 4 _aCIUDADANIA
650 4 _aCOMUNICACION
650 4 _aDEMOCRACIA
650 4 _aESTADO
650 4 _aIDENTIDAD CULTURAL
650 4 _aINFLUENCIA SOCIAL
650 4 _aPARTICIPACION POLITICA
650 4 _aSOCIEDAD CIVIL
700 1 _aRinesi, Eduardo
_epról.
_95
700 1 _aSmola, Julia
905 _a58751
942 _cLIB
_2ddc
999 _c51496
_d51496